000 00651nam a22001937a 4500
005 20140519120223.0
010 _aB-521686-687
020 _a9788190982931
_c195.00
035 _aB-521686-687
037 _adpl
_bBlueberry/Ven
082 _aS
100 _aDalal, Deepak
245 _aThe Snow Leopard Adventure/
_cby Deepak Dalal
260 _aNew Delhi
_bTarini Publishing
_c2011
270 _aM3 AVG Bhavan, Connaught Circus
_bNew Delhi
_e110001
_k011-23417175, 23415030
300 _a170p.
_c19cm(pbk)
942 _2ddc
_cCH
_hS
_mDAL
999 _c84290
_d84290